[Event "Dekweneh op"]
[Site "Dekweneh"]
[Date "2023.03.05"]
[Round "9"]
[White "Sharbel, Marwan"]
[Black "Zeitouni, Jad"]
[Result "1-0"]
[WhiteElo "1817"]
[BlackElo "1238"]
[PlyCount "38"]
[EventDate "2023.02.25"]
[EventType "tourn"]
[EventRounds "9"]
[EventCountry "LBN"]
[SourceTitle "CBM 213 Extra"]
[Source "ChessBase"]
[SourceDate "2023.05.31"]
[SourceVersion "1"]
[SourceVersionDate "2023.05.31"]
[SourceQuality "1"]

1. d4 Nf6 2. Nf3 g6 3. Bf4 Bg7 4. e3 d6 5. h3 0-0 6. Nbd2 Nbd7 7. Bc4 c5 8. c3 a6 9. a4 Nb6 10. Bb3 Nbd5 11. Bh2 Bf5 12. Bxd5 Nxd5 13. e4 Nxc3 14. bxc3 Bd7 15. 0-0 b5 16. axb5 axb5 17. Qb3 Qb6 18. e5 b4 19. exd6 Qxd6 1-0

[Event "Dekweneh op"]
[Site "Dekweneh"]
[Date "2023.02.28"]
[Round "4"]
[White "Sharbel, Marwan"]
[Black "Attieh, Skye"]
[Result "1-0"]
[WhiteElo "1817"]
[BlackElo "1440"]
[PlyCount "45"]
[EventDate "2023.02.25"]
[EventType "tourn"]
[EventRounds "9"]
[EventCountry "LBN"]
[SourceTitle "CBM 213 Extra"]
[Source "ChessBase"]
[SourceDate "2023.05.31"]
[SourceVersion "1"]
[SourceVersionDate "2023.05.31"]
[SourceQuality "1"]

1. d4 Nf6 2. Nf3 e6 3. e3 d5 4. Bd3 Bd6 5. 0-0 0-0 6. Nbd2 Nbd7 7. c4 b6 8. b3 c6 9. Bb2 Ba6 10. Ne5 Qc7 11. f4 c5 12. Rc1 Qb7 13. Qe1 Ne4 14. Nxd7 Nxd2 15. Nxf8 Nxf1 16. Nxh7 dxc4 17. bxc4 g6 18. Nf6+ Kf8 19. Be4 Qe7 20. Qh4 Qd8 21. Bxa8 Nxe3 22. Nh7+ Ke8 23. Bc6+ 1-0

[Event "Dekweneh op"]
[Site "Dekweneh"]
[Date "2023.02.25"]
[Round "1"]
[White "El Khatib, Malek Ali"]
[Black "Sharbel, Marwan"]
[Result "0-1"]
[WhiteElo "1207"]
[BlackElo "1817"]
[PlyCount "114"]
[EventDate "2023.02.25"]
[EventType "tourn"]
[EventRounds "9"]
[EventCountry "LBN"]
[SourceTitle "CBM 213 Extra"]
[Source "ChessBase"]
[SourceDate "2023.05.31"]
[SourceVersion "1"]
[SourceVersionDate "2023.05.31"]
[SourceQuality "1"]

1. Nf3 d5 2. e3 Nf6 3. b3 Bg4 4. Bb2 Nbd7 5. Be2 Bxf3 6. Bxf3 e5 7. d3 Bd6 8. Nd2 Qe7 9. c4 c6 10. 0-0 0-0 11. Qc2 Rfe8 12. Rfd1 Rad8 13. Rac1 Bb8 14. Qc3 Qd6 15. g3 Qe7 16. cxd5 cxd5 17. Bg2 Qe6 18. Qb4 Qa6 19. a4 Rc8 20. Rxc8 Rxc8 21. Rc1 Rxc1+ 22. Bxc1 Qc6 23. Ba3 h6 24. Bh3 Bc7 25. Bxd7 Nxd7 26. Qe7 Qe6 27. Qxe6 fxe6 28. Kf1 Kf7 29. Ke2 Ba5 30. b4 Bd8 31. e4 Be7 32. Nb1 Nf6 33. exd5 exd5 34. b5 b6 35. Bxe7 Kxe7 36. d4 Ke6 37. dxe5 Kxe5 38. f3 Kd4 39. Kd2 Nd7 40. f4 Nc5 41. Nc3 Kc4 42. h4 h5 43. f5 Nb3+ 44. Kc2 Nd4+ 45. Kd2 Nxf5 46. Ne2 d4 47. Nf4 Nxg3 48. Ne6 Nf5 49. Nf4 Nxh4 50. Nxh5 g5 51. Ng3 Nf3+ 52. Ke2 Ne5 53. Ne4 g4 54. Nd6+ Kb4 55. Nf5 Kc3 56. Ng3 Kc2 57. Nf1 Nc4 0-1

[Event "Beirut op 10th"]
[Site "Beirut"]
[Date "2019.05.01"]
[Round "6"]
[White "Sharbel, Marwan"]
[Black "Terzian, Kevork"]
[Result "1-0"]
[WhiteElo "1973"]
[BlackElo "1731"]
[PlyCount "72"]
[EventDate "2019.04.25"]
[EventType "swiss"]
[EventRounds "9"]
[EventCountry "LBN"]
[SourceTitle "CBM 190 Extra"]
[Source "ChessBase"]
[SourceDate "2019.07.15"]
[SourceVersion "1"]
[SourceVersionDate "2019.07.15"]
[SourceQuality "1"]

1. d4 Nf6 2. c4 g6 3. Nc3 Bg7 4. Nf3 d6 5. Bg5 h6 6. Bd2 Nbd7 7. e4 e5 8. d5 Nc5 9. Qc2 a5 10. h3 Bd7 11. Be3 b6 12. g4 g5 13. Bg2 c6 14. 0-0 cxd5 15. cxd5 Rc8 16. Rac1 Ncxe4 17. Nxe5 Nxc3 18. Nxd7 Nxd7 19. bxc3 Rxc3 20. Qe4+ Kf8 21. Rxc3 Bxc3 22. Rc1 Be5 23. Rc6 Qb8 24. Qa4 Bf6 25. Qb5 Bd8 26. Be4 Ne5 27. Rc1 h5 28. Bf5 hxg4 29. Rc8 Nf3+ 30. Kf1 Qxc8 31. Bxc8 gxh3 32. Bxh3 Rxh3 33. Qd7 Rh1+ 34. Kg2 Rg1+ 35. Kxf3 g4+ 36. Ke4 Bh4 1-0

[Event "LIB-ch 43rd"]
[Site "Beirut"]
[Date "2017.07.23"]
[Round "5"]
[White "Khairallah, Faisal"]
[Black "Sharbel, Marwan"]
[Result "0-1"]
[WhiteElo "2273"]
[BlackElo "1940"]
[PlyCount "66"]
[EventDate "2017.07.18"]
[EventType "tourn"]
[EventRounds "11"]
[EventCountry "LBN"]
[SourceTitle "EXT 2018"]
[Source "ChessBase"]
[SourceDate "2017.10.13"]
[SourceVersion "1"]
[SourceVersionDate "2017.10.13"]
[SourceQuality "1"]

1. e4 c5 2. Nc3 d6 3. f4 g6 4. Nf3 Bg7 5. Bc4 Nc6 6. 0-0 Nf6 7. d3 0-0 8. Qe1 Bg4 9. Qh4 Bxf3 10. Rxf3 e6 11. Rh3 Nh5 12. Qf2 Bd4 13. Be3 Nf6 14. Bxd4 Nxd4 15. e5 dxe5 16. fxe5 Ng4 17. Qf4 h5 18. Bb3 Qa5 19. Re1 Qb4 20. Re4 Kg7 21. Qg5 f6 22. Qc1 f5 23. a3 Qb6 24. Na4 fxe4 25. Qe1 Qc6 26. Nc3 exd3 27. Rxd3 Nxb3 28. cxb3 c4 29. Rd4 Qc5 30. Ne2 Qxe5 31. Rd7+ Kg8 32. g3 Qe3+ 33. Kh1 Rf2 0-1

[Event "LIB-ch 43rd"]
[Site "Beirut"]
[Date "2017.07.21"]
[Round "4"]
[White "Sharbel, Marwan"]
[Black "El Jawich, Amro"]
[Result "0-1"]
[WhiteElo "1940"]
[BlackElo "2209"]
[PlyCount "62"]
[EventDate "2017.07.18"]
[EventType "tourn"]
[EventRounds "11"]
[EventCountry "LBN"]
[SourceTitle "EXT 2018"]
[Source "ChessBase"]
[SourceDate "2017.10.13"]
[SourceVersion "1"]
[SourceVersionDate "2017.10.13"]
[SourceQuality "1"]

1. d4 Nf6 2. c4 d6 3. Nc3 e5 4. d5 g6 5. e4 Bg7 6. Be2 a5 7. Nf3 0-0 8. 0-0 Na6 9. Ne1 Nc5 10. f3 Ne8 11. Be3 f5 12. Nd3 b6 13. Kh1 Nf6 14. Nf2 f4 15. Bd2 g5 16. g3 h5 17. Rg1 Kh8 18. gxf4 gxf4 19. Bf1 Nh7 20. Qe2 Ng5 21. Be1 Bf6 22. Nd3 Bd7 23. b3 Qe7 24. Rb1 Rg8 25. Nxc5 bxc5 26. a4 Rg7 27. Nb5 Rag8 28. Bf2 Bc8 29. Bg2 Nh3 30. Bxh3 Bxh3 31. Rxg7 Qxg7 0-1

[Event "LIB-ch 43rd"]
[Site "Beirut"]
[Date "2017.07.19"]
[Round "2"]
[White "Sharbel, Marwan"]
[Black "Najjar, Ahmad"]
[Result "0-1"]
[WhiteElo "1940"]
[BlackElo "2304"]
[PlyCount "62"]
[EventDate "2017.07.18"]
[EventType "tourn"]
[EventRounds "11"]
[EventCountry "LBN"]
[SourceTitle "EXT 2018"]
[Source "ChessBase"]
[SourceDate "2017.10.13"]
[SourceVersion "1"]
[SourceVersionDate "2017.10.13"]
[SourceQuality "1"]

1. d4 g6 2. e4 Bg7 3. Nc3 c6 4. Bc4 b5 5. Bb3 a5 6. a4 b4 7. Nce2 Nf6 8. Ng3 0-0 9. N1e2 d6 10. f3 Nbd7 11. Be3 Ba6 12. Qd2 c5 13. dxc5 Nxc5 14. 0-0 Rc8 15. Rfd1 Nfd7 16. Bd4 Nxb3 17. cxb3 Nc5 18. Bxg7 Kxg7 19. Nd4 e5 20. Ndf5+ gxf5 21. Nxf5+ Kh8 22. Qh6 Rg8 23. Rxd6 Qg5 24. Qh3 Ne6 25. Nh6 Rc1+ 26. Rd1 Qe3+ 27. Kh1 Rxa1 28. Rxa1 Rc8 29. Nxf7+ Kg7 30. Qg3+ Kxf7 31. h4 Rc1+ 0-1

[Event "LIB-ch sf"]
[Site "Beirut"]
[Date "2017.03.11"]
[Round "2"]
[White "Sharbel, Marwan"]
[Black "Kabalan, Mohamad"]
[Result "1-0"]
[WhiteElo "1937"]
[BlackElo "1410"]
[PlyCount "47"]
[EventDate "2017.03.10"]
[EventType "swiss"]
[EventRounds "9"]
[EventCountry "LBN"]
[SourceTitle "CBM 177 Extra"]
[Source "ChessBase"]
[SourceDate "2017.04.27"]
[SourceVersion "1"]
[SourceVersionDate "2017.04.27"]
[SourceQuality "1"]

1. d4 d5 2. c4 c6 3. cxd5 cxd5 4. Nc3 Nf6 5. Bf4 Nc6 6. e3 Bf5 7. Qb3 Qb6 8. Bb5 a6 9. Bxc6+ Qxc6 10. Nf3 e6 11. Ne5 Qc8 12. 0-0 Be7 13. Rac1 Qd8 14. Qxb7 Rc8 15. Na4 0-0 16. Nc6 Rxc6 17. Rxc6 Qd7 18. Qxd7 Nxd7 19. Rc7 Rd8 20. Rfc1 Kf8 21. Ra7 Nf6 22. Rcc7 Re8 23. Rxe7 Rxe7 24. Bd6 1-0

[Event "LIB-chT"]
[Site "Beirut"]
[Date "2016.07.29"]
[Round "7.2"]
[White "Sharbel, Marwan"]
[Black "Zeidan, Mohammad"]
[Result "0-1"]
[WhiteElo "1958"]
[BlackElo "1956"]
[PlyCount "146"]
[EventDate "2016.07.22"]
[EventType "team-tourn"]
[EventRounds "9"]
[EventCountry "LBN"]
[SourceTitle "EXT 2017"]
[Source "ChessBase"]
[SourceDate "2016.10.25"]
[SourceVersion "1"]
[SourceVersionDate "2016.10.25"]
[SourceQuality "1"]
[WhiteTeam "Army Club"]
[BlackTeam "Ahli Saida"]
[WhiteTeamCountry "LBN"]
[BlackTeamCountry "LBN"]

1. d4 d6 2. Nf3 g6 3. h3 Bg7 4. c3 Nf6 5. Bf4 0-0 6. e3 Nbd7 7. Be2 Qe8 8. 0-0 e5 9. Bh2 Qe7 10. Na3 Ne8 11. Nc4 Kh8 12. Bg3 h6 13. Qc2 Nb6 14. dxe5 Nxc4 15. Bxc4 dxe5 16. Rfd1 Nd6 17. Bb3 f5 18. Rd5 Be6 19. Nxe5 Kh7 20. Rxd6 cxd6 21. Nf3 Bxb3 22. Qxb3 Be5 23. Bh2 Rae8 24. Rd1 Bxh2+ 25. Kxh2 f4 26. exf4 Rxf4 27. Qd5 Re4 28. Rd2 Re6 29. Kg1 Kg7 30. Qd4+ Qf6 31. Qxa7 Re1+ 32. Nxe1 Rxe1+ 33. Kh2 Qf4+ 34. g3 Qxd2 35. Qxb7+ Kf6 36. Qf3+ Ke7 37. Qb7+ Ke6 38. Qc8+ Kd5 39. Qa8+ Ke5 40. Qe8+ Kf5 41. Qf7+ Ke4 42. Qxg6+ Kf3 43. Qf5+ Ke2 44. Kg2 Qxb2 45. Qe4+ Kd1 46. Qd3+ Kc1 47. Qf3 Qxa2 48. Qf4+ Qd2 49. Qf3 Qe2 50. Qf4+ Qd2 51. Qf3 d5 52. h4 Re4 53. Qf8 Kd1 54. Qa3 Rc4 55. Qa1+ Kc2 56. Qa2+ Kxc3 57. Qa5+ Kc2 58. Qa2+ Kd3 59. Qb3+ Ke2 60. Qb1 Qd1 61. Qb2+ Qc2 62. Qb6 Qe4+ 63. Kh2 d4 64. Qxh6 Kf1 65. Kh3 d3 66. f4 Qf5+ 67. g4 Qxf4 68. Qxf4+ Rxf4 69. Kg3 Rxg4+ 70. Kxg4 d2 71. h5 d1Q+ 72. Kg5 Qd4 73. Kg6 Qh8 0-1

[Event "Beirut op 8th"]
[Site "Beirut"]
[Date "2015.09.23"]
[Round "5"]
[White "Sharbel, Marwan"]
[Black "Kassis, Antoine"]
[Result "1/2-1/2"]
[WhiteElo "1943"]
[BlackElo "2162"]
[PlyCount "59"]
[EventDate "2015.09.19"]
[EventType "swiss"]
[EventRounds "9"]
[EventCountry "LBN"]
[SourceTitle "EXT 2016"]
[Source "ChessBase"]
[SourceDate "2015.10.08"]
[SourceVersion "1"]
[SourceVersionDate "2015.10.08"]
[SourceQuality "1"]

1. d4 Nf6 2. c4 c5 3. d5 d6 4. Nc3 g6 5. e4 Bg7 6. Nf3 0-0 7. h3 e6 8. Be2 Re8 9. Qc2 Na6 10. 0-0 Nc7 11. Be3 exd5 12. cxd5 b6 13. Nd2 Rb8 14. a4 a6 15. Nc4 b5 16. axb5 axb5 17. Na5 Bd7 18. Bf3 b4 19. Ne2 Qe7 20. Ng3 h5 21. Nc4 Nh7 22. Rfe1 b3 23. Qc1 Nb5 24. Ne2 Bf6 25. Bd2 Ng5 26. Bxg5 Bxg5 27. Qd1 Qf6 28. Qd3 Bf4 29. Nxf4 Qxf4 30. Qd2 1/2-1/2

[Event "Beirut op 8th"]
[Site "Beirut"]
[Date "2015.09.20"]
[Round "2"]
[White "Stupak, Kirill"]
[Black "Sharbel, Marwan"]
[Result "1-0"]
[WhiteElo "2531"]
[BlackElo "1943"]
[PlyCount "57"]
[EventDate "2015.09.19"]
[EventType "swiss"]
[EventRounds "9"]
[EventCountry "LBN"]
[SourceTitle "EXT 2016"]
[Source "ChessBase"]
[SourceDate "2015.10.08"]
[SourceVersion "1"]
[SourceVersionDate "2015.10.08"]
[SourceQuality "1"]

1. d4 Nf6 2. g3 e6 3. Bg2 d5 4. Nf3 Be7 5. c4 0-0 6. 0-0 dxc4 7. Ne5 c5 8. dxc5 Qc7 9. Nxc4 Bxc5 10. Nc3 Bxf2+ 11. Rxf2 Qxc4 12. e4 e5 13. Rxf6 gxf6 14. Nd5 Qd4+ 15. Qxd4 exd4 16. Bh6 Rd8 17. Nc7 Na6 18. Nxa8 Be6 19. e5 fxe5 20. Bxb7 Nc5 21. Bg2 Bd5 22. Bxd5 Rxd5 23. Rc1 Ne6 24. Nc7 Rc5 25. Rxc5 Nxc5 26. Nd5 Ne4 27. Ne7+ Kh8 28. Kf1 Nd6 29. Ke2 1-0

[Event "Beirut Lasker Memoral-B"]
[Site "Beirut"]
[Date "2015.01.31"]
[Round "10"]
[White "Khairallah, Ralph"]
[Black "Sharbel, Marwan"]
[Result "1/2-1/2"]
[WhiteElo "1743"]
[BlackElo "1974"]
[PlyCount "59"]
[EventDate "2015.01.21"]
[EventType "tourn"]
[EventRounds "11"]
[EventCountry "LBN"]
[SourceTitle "EXT 2018"]
[Source "ChessBase"]
[SourceDate "2017.10.13"]
[SourceVersion "1"]
[SourceVersionDate "2017.10.13"]
[SourceQuality "1"]

1. e4 d6 2. d4 g6 3. Nf3 Bg7 4. Be3 c6 5. c3 Nf6 6. Bd3 Nbd7 7. h3 Qc7 8. Nbd2 e5 9. 0-0 0-0 10. Re1 Re8 11. Rc1 Nf8 12. Qc2 Ne6 13. Nb3 Nh5 14. g3 Nf6 15. dxe5 dxe5 16. Bf1 c5 17. Bg2 c4 18. Nbd2 b5 19. a4 Nc5 20. Bxc5 Qxc5 21. axb5 Qxb5 22. Bf1 Be6 23. Ng5 Bh6 24. Nxe6 Qc6 25. Bxc4 Bxd2 26. Qxd2 Qxc4 27. Ng5 Rad8 28. Qe2 Qc5 29. Rcd1 Rb8 30. Rd2 1/2-1/2